Kluby Ekstraklasy 2023/2024 - Statystyki

Ogólne statystyki
  • Ten quiz został rozwiązany 108 razy
  • Średni wynik to 15 z 18
Statystyki odpowiedzi
Hint Odpowiedź % Poprawnych
2 Legia Warszawa
96%
3 Lech Poznań
95%
1 Raków Częstochowa
89%
14 Jagiellonia Białystok
88%
15 Śląsk Wrocław
88%
12 Widzew Łódź
87%
17 Ruch Chorzów
85%
7 Cracovia
84%
16 ŁKS Łódź
84%
4 Pogoń Szczecin
83%
6 Górnik Zabrze
82%
8 Warta Poznań
80%
9 Zagłębie Lubin
80%
13 Korona Kielce
78%
18 Puszcza Niepołomice
76%
5 Piast Gliwice
68%
11 Stal Mielec
68%
10 Radomiak Radom
67%
Nie znaleziono quizów pasujących do podanych kryteriów
Rozkład punktacji
Procent ludzi z każdym wynikiem
Percentyl według liczby udzielonych odpowiedzi
Twoja historia wyników
Nie rozwiązałeś tego quizu